LEADER 02178nam 2200469 n 450 001 996394486703316 005 20240530120911.0 035 $a(CKB)3810000000010758 035 $a(EEBO)2240861881 035 $a(UnM)99857618e 035 $a(UnM)99857618 035 $a(EXLCZ)993810000000010758 100 $a19930505d1638 uy | 101 0 $aeng 135 $aurbn#|||a|bb| 181 $ctxt$2rdacontent 182 $cc$2rdamedia 183 $acr$2rdacarrier 200 14$aThe protestation of the noblemen, barrons, gentlemen, borrowes, ministers, and commons, subscribers of the confession of faith and covenant, lately renewed within the kingdome of Scotland, made at the Mercate Crosse of Edinburgh, the 4. of Iulij immediatly after the reading of the proclamation, dated 28. Iune. 1638 210 $a[Edinburgh] $cPrinted [by J. Wreittoun]$din the year of God, 1638 215 $a[14] p 300 $aBy Alexander Henderson and Sir Archibald Johnston. 300 $aPrinter's name from STC. 300 $aSignatures: A⁴ B-C² (-C2). 300 $aRunning title reads: Protestation Iulij 4. 1638. 300 $aIn this edition C1r last line reads: Finis. 300 $aIdentified as STC 21903a on UMI microfilm. 300 $aReproduction of the original in the Folger Shakespeare Library. 330 $aeebo-0055 607 $aScotland$xHistory$yCharles I, 1625-1649$vEarly works to 1800 607 $aGreat Britain$xHistory$yCharles I, 1625-1649$vEarly works to 1800 700 $aHenderson$b Alexander$f1583?-1646.$01003757 702 $aWreittoun$b John$f-1640, 702 $aWarriston$b Archibald Johnston$cLord,$f1611-1663.$4aut 801 0$bCu-RivES 801 1$bCu-RivES 801 2$bCStRLIN 801 2$bWaOLN 906 $aBOOK 912 $a996394486703316 996 $aThe protestation of the noblemen, barrons, gentlemen, borrowes, ministers, and commons, subscribers of the confession of faith and covenant, lately renewed within the kingdome of Scotland, made at the Mercate Crosse of Edinburgh, the 4. of Iulij immediatly after the reading of the proclamation, dated 28. Iune. 1638$92424896 997 $aUNISA